000 00676nam a2200217 i 4500
001 26681
003 ES-MaACL
005 20230906153502.0
007 t|
008 030110s1970 sp ||||1| spa d
100 1 _aAstwood, Edwin B.
_923704
245 1 0 _aEndocrinología clínica... /
_cbajo la dirección de Edwin B. Astwood... y Carl E. Cassidy...; versión... A. Jornet Cases.
250 _a1ª ed.
260 _aBarcelona :
_bToray,
_c1970.
300 _a1 v. :
_bil. ;
_c25 cm.
500 _aEs el t. 2º.
650 4 _aEndocrinología.
_9144424
700 1 _aCassidy, Carl E.
_936347
700 1 _aJornet Cases, A.
_966960
852 _aES-MaACL
_jP-1521
_bR.74806
999 _c26681
_d26681